Elektromobilita a budúcnosť dopravy
Elektromobilita ako budúcnosť dopravy. Cenová dostupnosť elektromobilov. Infraštruktúra pre elektromobily. Distribúcia nabíjacích staníc. Potreby investícií v oblasti elektromobility. Batérie a dopad elektromobilov na životné prostredie.
Gespeichert in:
| 1. Verfasser: | |
|---|---|
| Format: | Buchkapitel |
| Sprache: | Slowakisch |
| Schlagworte: | |
| Tags: |
Keine Tags, Fügen Sie das erste Tag hinzu!
|
MARC
| LEADER | 00000naa$a2200000$$$4500 | ||
|---|---|---|---|
| 001 | 0271359 | ||
| 005 | 20240502074252.8 | ||
| 041 | 0 | |a slo | |
| 044 | |a SK | ||
| 245 | 1 | 0 | |a Elektromobilita a budúcnosť dopravy |c Michal Jankovič |
| 520 | |a Elektromobilita ako budúcnosť dopravy. Cenová dostupnosť elektromobilov. Infraštruktúra pre elektromobily. Distribúcia nabíjacích staníc. Potreby investícií v oblasti elektromobility. Batérie a dopad elektromobilov na životné prostredie. | ||
| 610 | 2 | 0 | |a elektromobily |
| 610 | 2 | 0 | |a elektromobilita |
| 610 | 2 | 0 | |a doprava |
| 610 | 2 | 0 | |a infraštruktúra dopravná |
| 610 | 2 | 0 | |a prostredie životné |
| 100 | 1 | |a Jankovič, Michal, 1993- | |